Sports Quiz

Random Sports or Baseball Quiz

Silver Sluggers (Second Base) Quiz Stats

 Plays Quiz Updated Nov 9, 2018

Score 0/78 Timer 07:00
7 Plays Today
Year Player % Correct
2006Chase Utley
92.6%
2007Chase Utley
92.6%
2008Chase Utley
92.6%
2009Chase Utley
92.6%
2018José Altuve
90.3%
2017José Altuve
89.9%
2013Robinson Canó
89.3%
2012Robinson Canó
89.3%
2016José Altuve
85.3%
2006Robinson Cano
82.6%
1994Craig Biggio
82.5%
1995Craig Biggio
82.5%
1997Craig Biggio
82.5%
1998Craig Biggio
82.5%
2000Jeff Kent
81.5%
2001Jeff Kent
81.5%
2002Jeff Kent
81.5%
2005Jeff Kent
81.5%
2015José Altuve
81.5%
2014José Altuve
81.5%
1984Ryne Sandberg
79.1%
1985Ryne Sandberg
79.1%
1988Ryne Sandberg
79.1%
1989Ryne Sandberg
79.1%
1990Ryne Sandberg
79.1%
1991Ryne Sandberg
79.1%
1992Ryne Sandberg
79.1%
2008Dustin Pedroia
78.6%
2018Javier Baez
72.1%
1992Roberto Alomar
71.6%
1996Roberto Alomar
71.6%
1999Roberto Alomar
71.6%
2000Roberto Alomar
71.6%
2017Daniel Murphy
65.3%
2016Daniel Murphy
61.9%
2002Alfonso Soriano
58.6%
2004Alfonso Soriano
58.6%
2005Alfonso Soriano
58.6%
2001Bret Boone
53.3%
Year Player % Correct
2003Bret Boone
53.3%
2015Dee Gordon
53%
2010Robinson Canó
52.9%
2009Aaron Hill
49.6%
1983Lou Whitaker
47.4%
1984Lou Whitaker
47.4%
1985Lou Whitaker
47.4%
1987Lou Whitaker
47.4%
1995Chuck Knoblauch
47.1%
1997Chuck Knoblauch
47.1%
1996Eric Young
45%
2013Matt Carpenter
44.8%
2012Aaron Hill
43.3%
2007Placido Polanco
42.2%
2011Robinson Canó
42%
2003Jose Vidro
40.8%
2014Neil Walker
40.6%
2010Dan Uggla
38.7%
1993Carlos Baerga
36.6%
1994Carlos Baerga
36.6%
1980Willie Randolph
34.7%
2011Brandon Phillips
33.4%
1986Steve Sax
32.6%
1986Frank White
29.9%
1982Joe Morgan
26.3%
1981Bobby Grich
24.3%
1988Julio Franco
24.2%
1989Julio Franco
24.2%
1990Julio Franco
24.2%
1991Julio Franco
24.2%
1999Edgardo Alfonzo
21.5%
1993Robby Thompson
19.1%
1987Juan Samuel
16.8%
1980Manny Trillo
16.7%
1981Manny Trillo
16.7%
2004Mark Loretta
14.5%
1982Damaso Garcia
12.6%
1983Johnny Ray
9.7%
1998Damion Easley
9.6%

You're not logged in!

Compare scores with friends on all Sporcle quizzes.
OR
Log In

Sporcle TV

Today on Sporcle TV


Watch our educational content, quiz creation guides, and fun videos on Sporcle TV.

Show Comments

Extras

Top Quizzes Today


Score Distribution

Your Account Isn't Verified!

In order to create a playlist on Sporcle, you need to verify the email address you used during registration. Go to your Sporcle Settings to finish the process.

Report this User

Report this user for behavior that violates our Community Guidelines.

Details: